Dikiş Kafa 2 - Korsanın Gözü (Kayıt no. 1282576)

MARC ayrıntıları
000 -LEADER
sabit uzunluktaki kontrol alanı 00269nam a2200109Ia 4500
001 - KONTROL NUMARASI
kontrol alanı 1282576
005 - EN SON İŞLEMİN TARİH VE ZAMANI
kontrol alanı 20260417163708.0
008 - SABİT-UZUNLUKTA VERİ ÖĞELERİ--GENEL BİLGİ
sabit uzunluktaki kontrol alanı 260417s9999 xx 000 0 und d
020 ## - ULUSLARARASI STANDART KİTAP NUMARASI
Uluslararası Standart Kitap Numarası 9786256030770
245 #0 - ESER / YAZAR
ESER ADI Dikiş Kafa 2 - Korsanın Gözü
260 ## - YAYIN, DAĞITIM, VB.
YAYIN EVİ Dokuz Çocuk
Mevcut
Düşüm durumu Kayıp durumu Hasar Durumu Ödünç verilmez Ana kütüphane Geçerli Kütüphane Edinilen tarih Toplam ödünç verme sayısı Barkod Son görüntüleme tarihi Fiyatın geçerli olmaya başladığı tarih Koha materyal türü
        ŞEHİT MESUT ESAT KAYA İLKOKULU ŞEHİT MESUT ESAT KAYA İLKOKULU 17.04.2026   1106693 17.04.2026 17.04.2026 Kitaplar
Gemini Bilgi Teknolojileri A.Ş. tarafından düzenlenmiştir.